<?xml version="1.0" encoding="UTF-8"?>
<record
    xmlns:xsi="http://www.w3.org/2001/XMLSchema-instance"
    xsi:schemaLocation="http://www.loc.gov/MARC21/slim http://www.loc.gov/standards/marcxml/schema/MARC21slim.xsd"
    xmlns="http://www.loc.gov/MARC21/slim">

  <leader>02470nam a22003017a 4500</leader>
  <controlfield tag="003">EG-GICUC</controlfield>
  <controlfield tag="005">20260121101156.0</controlfield>
  <controlfield tag="008">251107s1991    ua ||||fr|||| 00| 0 ara d</controlfield>
  <datafield tag="040" ind1=" " ind2=" ">
    <subfield code="a"> EG-GICUC</subfield>
    <subfield code="b">ara</subfield>
    <subfield code="c"> EG-GICUC</subfield>
    <subfield code="d"> EG-GICUC</subfield>
    <subfield code="e">rda</subfield>
  </datafield>
  <datafield tag="041" ind1=" " ind2=" ">
    <subfield code="a">ara</subfield>
  </datafield>
  <datafield tag="082" ind1="0" ind2="4">
    <subfield code="2">21</subfield>
    <subfield code="a">343.382</subfield>
    <subfield code="b">&#x645; &#x62D; . &#x645;</subfield>
  </datafield>
  <datafield tag="092" ind1="0" ind2="4">
    <subfield code="2">21</subfield>
  </datafield>
  <datafield tag="099" ind1=" " ind2=" ">
    <subfield code="a">Law1 10 343.382 1991</subfield>
  </datafield>
  <datafield tag="100" ind1="0" ind2=" ">
    <subfield code="a">&#x645;&#x62D;&#x645;&#x62F; &#x639;&#x628;&#x62F;&#x627;&#x644;&#x645;&#x646;&#x639;&#x645; &#x633;&#x627;&#x644;&#x645; </subfield>
    <subfield code="e">&#x645;&#x624;&#x644;&#x641;.</subfield>
  </datafield>
  <datafield tag="245" ind1=" " ind2=" ">
    <subfield code="a">&#x645;&#x62F;&#x644;&#x648;&#x644; &#x627;&#x644;&#x62D;&#x643;&#x645; &#x627;&#x644;&#x62C;&#x646;&#x627;&#x626;&#x649;  :</subfield>
    <subfield code="b">&#x645;&#x646; &#x62D;&#x64A;&#x62B;  &#x627;&#x644;&#x635;&#x62D;&#x629; &#x648;&#x627;&#x644;&#x642;&#x648;&#x629; /</subfield>
    <subfield code="n">&#x645;&#x62D;&#x645;&#x62F; &#x639;&#x628;&#x62F;&#x627;&#x644;&#x645;&#x646;&#x639;&#x645; &#x633;&#x627;&#x644;&#x645; </subfield>
  </datafield>
  <datafield tag="264" ind1=" " ind2=" ">
    <subfield code="a">&#x627;&#x644;&#x625;&#x633;&#x643;&#x646;&#x62F;&#x631;&#x64A;&#x629;  :</subfield>
    <subfield code="b">&#x645;&#x646;&#x634;&#x623;&#x629; &#x627;&#x644;&#x645;&#x639;&#x627;&#x631;&#x641; ,</subfield>
    <subfield code="c">1991.</subfield>
  </datafield>
  <datafield tag="300" ind1=" " ind2=" ">
    <subfield code="a">165 &#x635;&#x641;&#x62D;&#x629;;</subfield>
    <subfield code="c">24 &#x633;&#x645;</subfield>
  </datafield>
  <datafield tag="336" ind1=" " ind2=" ">
    <subfield code="2">rda content</subfield>
    <subfield code="a">text</subfield>
  </datafield>
  <datafield tag="337" ind1=" " ind2=" ">
    <subfield code="2">rda media</subfield>
    <subfield code="a">Computer</subfield>
  </datafield>
  <datafield tag="338" ind1=" " ind2=" ">
    <subfield code="2">rda carrier</subfield>
    <subfield code="a">Online Resource</subfield>
  </datafield>
  <datafield tag="505" ind1=" " ind2=" ">
    <subfield code="a">&#x647; &#x645;&#x627; &#x647;&#x64A;&#x629; &#x627;&#x644;&#x62D;&#x643;&#x645; &#x627;&#x644;&#x62C;&#x646;&#x627;&#x626;&#x64A; &#x648;&#x634;&#x631;&#x648;&#x637; &#x635;&#x62D;&#x62A;&#x647; - &#x634;&#x631;&#x648;&#x637; &#x634;&#x643;&#x644;&#x64A;&#x629; - &#x634;&#x631;&#x648;&#x637; &#x645;&#x648;&#x636;&#x648;&#x639;&#x64A;&#x629;
&#x62C; &#x662;&#x660;&#x660;&#x660;
&#x627;&#x644;&#x62A;&#x633;&#x628;&#x64A;&#x628; - &#x628;&#x64A;&#x627;&#x646;&#x627;&#x62A; &#x627;&#x644;&#x645;&#x646;&#x637;&#x648;&#x642;.
. &#x627;&#x644;&#x628;&#x64A;&#x627;&#x646;&#x627;&#x62A; &#x627;&#x644;&#x62A;&#x64A; &#x64A;&#x62D;&#x62A;&#x648;&#x64A;&#x647;&#x627; &#x627;&#x644;&#x62D;&#x643;&#x645; &#x627;&#x644;&#x62C;&#x646;&#x627;&#x626;&#x64A; &#x648;&#x623;&#x62B;&#x631; &#x623;&#x63A;&#x641;&#x627;&#x644;&#x647;&#x627; &#x628;&#x64A;&#x627;&#x646;&#x627;&#x62A; &#x627;&#x644;&#x62F;&#x64A;&#x628;&#x627;&#x62C;&#x629; - &#x628;&#x64A;&#x627;&#x646;&#x627;&#x62A;
&#x62A;&#x645;&#x64A;&#x632; &#x627;&#x644;&#x62D;&#x643;&#x645; &#x627;&#x644;&#x62C;&#x646;&#x627;&#x626;&#x64A; &#x639;&#x646; &#x627;&#x644;&#x641;&#x643;&#x631; &#x627;&#x644;&#x62A;&#x64A; &#x62A;&#x644;&#x62A;&#x628;&#x633; &#x628;&#x647; - &#x627;&#x644;&#x623;&#x645;&#x631; &#x627;&#x644;&#x62C;&#x646;&#x627;&#x626;&#x64A; - &#x623;&#x645;&#x631; &#x627;&#x644;&#x623;&#x645;&#x631; &#x628;&#x623;&#x646; &#x644;&#x627; &#x648;&#x62C;&#x647; &#x644;&#x627;&#x642;&#x627;&#x645;&#x629; &#x627;&#x644;&#x62F;&#x639;&#x648;&#x649;.
&#x627;&#x644;&#x62D;&#x645;&#x644;
&#x645;&#x638;&#x627;&#x647;&#x631; &#x642;&#x648;&#x629; &#x627;&#x644;&#x62D;&#x643;&#x645; &#x627;&#x644;&#x62C;&#x646;&#x627;&#x626;&#x64A; - &#x627;&#x644;&#x646;&#x62A;&#x64A;&#x62C;&#x629; &#x627;&#x644;&#x62D;&#x62A;&#x645;&#x64A;&#x629; &#x644;&#x641;&#x631;&#x636; &#x62D;&#x62C;&#x64A;&#x629; &#x627;&#x644;&#x62C;&#x646;&#x627;&#x626;&#x64A; &#x639;&#x644;&#x649; &#x62A;&#x645;&#x64A;&#x632; &#x627;&#x644;&#x62D;&#x643;&#x645; &#x627;&#x644;&#x62C;&#x646;&#x627;&#x626;&#x64A; &#x627;&#x644;&#x628;&#x627;&#x62A; &#x639;&#x646; &#x627;&#x644;&#x62D;&#x643;&#x645; &#x627;&#x644;&#x646;&#x647;&#x627;&#x626;&#x64A; - &#x635;&#x648;&#x631; &#x627;&#x644;&#x62D;&#x643;&#x645; &#x627;&#x644;&#x62C;&#x646;&#x627;&#x626;&#x64A; &#x627;&#x644;&#x628;&#x627;&#x62A;
&#x627;&#x644;&#x62A;&#x643;&#x64A;&#x641; &#x627;&#x644;&#x642;&#x627;&#x646;&#x648;&#x646;&#x64A; &#x644;&#x642;&#x648;&#x629; &#x627;&#x644;&#x62D;&#x643;&#x645; &#x627;&#x644;&#x62C;&#x646;&#x627;&#x626;&#x64A; &#x627;&#x644;&#x628;&#x627;&#x62A; - &#x627;&#x644;&#x622;&#x62B;&#x627;&#x631; &#x627;&#x644;&#x62A;&#x64A; &#x62A;&#x62A;&#x631;&#x62A;&#x628; &#x639;&#x644;&#x649; &#x648;&#x62D;&#x62F;&#x629; ) &#x628;&#x64A;&#x646; &#x627;&#x644;&#x62F;&#x639;&#x648;&#x62A;&#x64A;&#x646; &#x627;&#x644;&#x62C;&#x646;&#x627;&#x626;&#x64A;&#x629; &#x648;&#x627;&#x644;&#x645;&#x62F;&#x646;&#x64A;&#x629;.
&#x633;&#x644;&#x637;&#x629; &#x627;&#x644;&#x645;&#x62D;&#x643;&#x645;&#x629; &#x627;&#x644;&#x62C;&#x646;&#x627;&#x626;&#x64A;&#x629; &#x641;&#x64A; &#x627;&#x644;&#x641;&#x635;&#x644; &#x641;&#x64A; &#x627;&#x644;&#x645;&#x633;&#x627;&#x626;&#x644; &#x627;&#x644;&#x639;&#x627;&#x631;&#x636;&#x629; - &#x627;&#x644;&#x645;&#x633;&#x627;&#x626;&#x644; &#x627;&#x644;&#x62A;&#x64A; &#x62A;&#x648;&#x62C;&#x628; &#x648;&#x642;&#x641; &#x627;&#x644;&#x62F;&#x639;&#x648;&#x649; &#x627;&#x644;&#x62C;&#x646;&#x627;&#x626;&#x64A;&#x629; &#x648;&#x627;&#x644;&#x645;&#x633;&#x627;&#x626;&#x644; &#x627;&#x644;&#x62A;&#x64A; &#x62A;&#x62C;&#x64A;&#x632; &#x648;&#x642;&#x641;&#x647;&#x627; .
&#x627;&#x644;&#x645;&#x635;&#x644;&#x62D;&#x629; &#x627;&#x644;&#x642;&#x627;&#x646;&#x648;&#x646;&#x64A;&#x629; &#x627;&#x644;&#x62A;&#x64A; &#x62A;&#x62D;&#x645;&#x64A;&#x647;&#x627; &#x642;&#x648;&#x629; &#x627;&#x644;&#x62D;&#x643;&#x645; &#x627;&#x644;&#x62C;&#x646;&#x627;&#x626;&#x64A; &#x627;&#x644;&#x628;&#x627;&#x62A; - &#x641;&#x643;&#x631;&#x629; &#x627;&#x644;&#x639;&#x62F;&#x627;&#x644;&#x629; &#x648;&#x643;&#x641;&#x627;&#x644;&#x629; &#x627;&#x644;&#x62D;&#x631;&#x64A;&#x627;&#x62A; - &#x641;&#x643;&#x631;&#x629; &#x627;&#x644;&#x623;&#x645;&#x646; &#x627;&#x644;&#x642;&#x627;&#x646;&#x648;&#x646;&#x64A;
&#x627;&#x644;&#x62A;&#x645;&#x64A;&#x64A;&#x632; &#x628;&#x64A;&#x646; &#x642;&#x648;&#x629; &#x627;&#x644;&#x623;&#x645;&#x631; &#x627;&#x644;&#x645;&#x642;&#x636;&#x64A; &#x648;&#x62D;&#x62C;&#x64A;&#x629; &#x627;&#x644;&#x623;&#x645;&#x631; &#x627;&#x644;&#x645;&#x642;&#x636;&#x64A;</subfield>
  </datafield>
  <datafield tag="546" ind1=" " ind2=" ">
    <subfield code="a">&#x627;&#x644;&#x646;&#x635; &#x628;&#x627;&#x644;&#x644;&#x63A;&#x629; &#x627;&#x644;&#x639;&#x631;&#x628;&#x64A;&#x629;</subfield>
  </datafield>
  <datafield tag="650" ind1="1" ind2=" ">
    <subfield code="a">&#x642;&#x627;&#x646;&#x648;&#x646; &#x62C;&#x646;&#x627;&#x626;&#x64A;</subfield>
  </datafield>
  <datafield tag="650" ind1="1" ind2=" ">
    <subfield code="a">&#x623;&#x631;&#x643;&#x627;&#x646; &#x648;&#x634;&#x631;&#x648;&#x637; &#x627;&#x644;&#x623;&#x62D;&#x643;&#x627;&#x645; &#x627;&#x644;&#x62C;&#x646;&#x627;&#x626;&#x64A;&#x629;</subfield>
  </datafield>
  <datafield tag="856" ind1="4" ind2="0">
    <subfield code="u">https://fll.law.cu.edu.eg/fulltext/bks/B10-05876.pdf</subfield>
  </datafield>
  <datafield tag="905" ind1=" " ind2=" ">
    <subfield code="a">44</subfield>
    <subfield code="e">Yara</subfield>
  </datafield>
  <datafield tag="942" ind1=" " ind2=" ">
    <subfield code="2">ddc</subfield>
    <subfield code="c">BK</subfield>
    <subfield code="e">21</subfield>
    <subfield code="n">0</subfield>
  </datafield>
  <datafield tag="999" ind1=" " ind2=" ">
    <subfield code="c">41696</subfield>
    <subfield code="d">41696</subfield>
  </datafield>
  <datafield tag="952" ind1=" " ind2=" ">
    <subfield code="0">0</subfield>
    <subfield code="1">0</subfield>
    <subfield code="2">ddc</subfield>
    <subfield code="4">0</subfield>
    <subfield code="7">1</subfield>
    <subfield code="8">&#x627;&#x644;&#x642;&#x627;&#x646;&#x648;&#x646; &#x627;&#x644;&#x62C;&#x646;&#x627;&#x626;&#x64A;</subfield>
    <subfield code="a">CU</subfield>
    <subfield code="b">LAW1</subfield>
    <subfield code="d">2025-11-07</subfield>
    <subfield code="l">0</subfield>
    <subfield code="o">Law1 10 343.382 &#x645; &#x62D; . &#x645; 1991 1005876 C1</subfield>
    <subfield code="p">B10-05876</subfield>
    <subfield code="r">2025-11-07 17:47:51</subfield>
    <subfield code="t">1</subfield>
    <subfield code="w">2025-11-07</subfield>
    <subfield code="y">BK</subfield>
  </datafield>
  <datafield tag="952" ind1=" " ind2=" ">
    <subfield code="0">0</subfield>
    <subfield code="1">0</subfield>
    <subfield code="2">ddc</subfield>
    <subfield code="4">0</subfield>
    <subfield code="7">0</subfield>
    <subfield code="8">&#x627;&#x644;&#x642;&#x627;&#x646;&#x648;&#x646; &#x627;&#x644;&#x62C;&#x646;&#x627;&#x626;&#x64A;</subfield>
    <subfield code="a">CU</subfield>
    <subfield code="b">LAW1</subfield>
    <subfield code="d">2025-11-07</subfield>
    <subfield code="l">0</subfield>
    <subfield code="o">Law1 10 343.382 &#x645; &#x62D; . &#x645; 1991 1005878 C2</subfield>
    <subfield code="p">B10-05878</subfield>
    <subfield code="r">2025-11-07 17:54:14</subfield>
    <subfield code="t">2</subfield>
    <subfield code="w">2025-11-07</subfield>
    <subfield code="y">BK</subfield>
  </datafield>
  <datafield tag="952" ind1=" " ind2=" ">
    <subfield code="0">0</subfield>
    <subfield code="1">0</subfield>
    <subfield code="2">ddc</subfield>
    <subfield code="4">0</subfield>
    <subfield code="7">0</subfield>
    <subfield code="8">&#x627;&#x644;&#x642;&#x627;&#x646;&#x648;&#x646; &#x627;&#x644;&#x62C;&#x646;&#x627;&#x626;&#x64A;</subfield>
    <subfield code="a">CU</subfield>
    <subfield code="b">LAW1</subfield>
    <subfield code="d">2025-11-07</subfield>
    <subfield code="l">0</subfield>
    <subfield code="o">Law2 10 343.382 &#x645; &#x62D; . &#x645; 1991 1005879 C3</subfield>
    <subfield code="p">B10-05879</subfield>
    <subfield code="r">2025-11-07 17:54:50</subfield>
    <subfield code="t">3</subfield>
    <subfield code="w">2025-11-07</subfield>
    <subfield code="y">BK</subfield>
  </datafield>
</record>
